Applied Computational Economics & Finance. (Record no. 343)

MARC details
000 -LEADER
fixed length control field 00453nam a22001697a 4500
005 - DATE AND TIME OF LATEST TRANSACTION
control field 20180226120600.0
008 - FIXED-LENGTH DATA ELEMENTS--GENERAL INFORMATION
fixed length control field 160430b xxu||||| |||| 00| 0 eng d
020 ## - INTERNATIONAL STANDARD BOOK NUMBER
ISBN 81-297-0597-4
041 ## - LANGUAGE CODE
Language code of text/sound track or separate title eng
082 ## - DEWEY DECIMAL CLASSIFICATION NUMBER
Item number 00981
Classification number 330.0285
100 ## - MAIN ENTRY--AUTHOR NAME
Personal name Miranda J. Mario Fackler L. Paul
245 ## - TITLE STATEMENT
Title Applied Computational Economics & Finance.
260 ## - PUBLICATION, DISTRIBUTION, ETC. (IMPRINT)
Place of publication New Delhi
Name of publisher Pearson Education,
Year of publication 2004
300 ## - PHYSICAL DESCRIPTION
Number of Pages 509
650 ## - SUBJECT ADDED ENTRY--TOPICAL TERM
Topical Term Management
942 ## - ADDED ENTRY ELEMENTS (KOHA)
Koha item type Books
Holdings
Lost status Damaged status Collection code Home library Current library Shelving location Date acquired Cost, normal purchase price Full call number Accession Number Koha item type
    Reference JRU Library   SHELF-28-D 30/04/2016 425.00 330.0285 00981 Books